How to wow photoshop for the web / (Record no. 276123)
[ view plain ]
| 000 -LEADER | |
|---|---|
| fixed length control field | 00348nam a2200133 a 4500 |
| 005 - DATE AND TIME OF LATEST TRANSACTION | |
| control field | 20141022141959.0 |
| 008 - FIXED-LENGTH DATA ELEMENTS--GENERAL INFORMATION | |
| fixed length control field | 120306s19uu xx 00 eng d |
| 050 ## - LIBRARY OF CONGRESS CALL NUMBER | |
| Classification number | CD-ROM |
| Item number | K11 2005 |
| 100 ## - MAIN ENTRY--PERSONAL NAME | |
| Personal name | Kabili, Jan |
| 245 ## - TITLE STATEMENT | |
| Title | How to wow photoshop for the web / |
| Statement of responsibility, etc | Jan Kabili, Colin Smith. |
| 260 ## - PUBLICATION, DISTRIBUTION, ETC. (IMPRINT) | |
| Date of publication, distribution, etc | 2005. |
| 700 ## - ADDED ENTRY--PERSONAL NAME | |
| Personal name | Smith, Colin |
| 942 ## - ADDED ENTRY ELEMENTS (KOHA) | |
| Koha item type | Audio Visual Materials |
| Withdrawn status | Lost status | Damaged status | Home library | Current library | Shelving location | Date acquired | Total Checkouts | Full call number | Barcode | Date last seen | Price effective from | Koha item type |
|---|---|---|---|---|---|---|---|---|---|---|---|---|
| College Library | College Library | Audio Visual Material Section | 03/06/2012 | CD-ROM K11 2005 | IT0041 | 04/12/2014 | 04/12/2014 | Audio Visual Materials |